| 000 | 00433nam a22001457a 4500 | ||
|---|---|---|---|
| 005 | 20250823105741.0 | ||
| 008 | 250823b |||||||| |||| 00| 0 eng d | ||
| 020 | _a9780851114675 | ||
| 050 |
_aBM487 _bPAT |
||
| 100 | _aPATE MARVIN C. | ||
| 245 |
_aCOMMUNITIES OF THE LAST DAYS; _bTHE DEAD SEA SCROLLS, THE NEW TESTAMENT AND THE STORY OF ISRAEL |
||
| 260 |
_aAPOLLOS _bINTERVARSITY PRESS _cc2001 |
||
| 300 | _a303p | ||
| 942 |
_2lcc _cBK _n0 |
||
| 999 |
_c7348 _d7348 |
||